| 000 | 00000nam##2200000za#4500 |
| 001 | 9.652822 |
| 003 | CaOODSP |
| 005 | 20241203113635 |
| 007 | ta |
| 008 | 150407|2014||||xxc||||| f|0| 0 eng|d |
| 040 | |aCaOODSP|beng |
| 043 | |an-cn--- |
| 086 | 1 |aEn4-137/1-2014E |
| 110 | 1 |aCanada. |bEnvironment Canada. |
| 245 | 10|aProgress report on the Lake Winnipeg Basin Initiative 2012-13 and 2013-14 |
| 260 | |aOttawa - Ontario : |bEnvironment Canada |cc2014. |
| 300 | |a35p. : |bmaps, photographs ; |c28 cm. |
| 500 | |aCatalogue number (En4-137/1-2014) and ISBN (978-1-100-54755-8) for the bilingual print edition are printed in this publication. |
| 563 | |aSoftcover |
| 590 | |a15-08|b2015-02-20 |
| 775 | 08|tProjets et activités scientifiques sur l'initiative du bassin du lac Winnipeg, 2012-13 - 2013-14 |w(CaOODSP)9.685742 |
| 776 | 0#|tProgress report on the Lake Winnipeg Basin Initiative 2012-13 and 2013-14 |w(CaOODSP)9.700126 |